000 00675nam a2200205Ii 4500
003 JO-AjNU
008 230605s9999||||xx |||||||||||||| ||und||
040 _aJO-AjNU
_bara
_erda
_cJO-AjNU
041 _aara
050 1 4 _aPJ7866.B28.A17 1979
100 3 _aالعبويني، خليل,
_eauthor
_952119
245 0 0 _aالبحث عن الزنبقة البرية
250 _aط1
264 3 1 _aعمان: جمعية عمال المطابع التعاونية، 1979
300 _a164ص
336 _atext
_btxt
_2rdacontent
337 _aunmediated
_bn
_2rdamedia
338 _avolume
_bnc
_2rdacarrier
650 4 _aشعر-البحث عن الزنبقة البرية
_952120
999 _aA23068
_c26636
_d26636